Biosphere reserves and national parks (Registro nro. 13184)
[ vista simple ]
| 000 -CABECERA | |
|---|---|
| Campo de control | 003370000a22001090004500 |
| 090 ## - CLASIFICACIÓN LOCAL | |
| Colección | AR |
| Consecutivo | 03919 |
| 041 0# - IDIOMA | |
| Código de idioma para texto/pista de sonido o título separado | |
| 100 1# - ASIENTO PRINCIPAL--NOMBRE PERSONAL | |
| Nombre personal | Halffter, Gonzalo |
| 245 10 - MENCION DE TITULO | |
| Título | Biosphere reserves and national parks |
| Version | complementary systems of natural protection |
| 773 1# - Item fuente: | |
| Título | Impact of Science on society |
| Descripción física | 4 |
| Paginas del Articulo | 269-277 |
| Lugar, editorial y fecha de publicación | 1980 |
| Información sobre la relación | 30 |
| 942 ## - ELEMENTOS ADICIONALES (KOHA) | |
| Tipo de ítem | Artículo |
| Withdrawn status | Lost status | Damaged status | No para préstamo | Colección | Ubicación Permanente | Ubicación actual | Fecha de adquisición | Fuente de Valor | Datos de publicación Seriada | Total Checkouts | Número topográfico | Inventario / Código de Barras | Date last seen | Ejemplar | Price effective from | Forma de adquisición | Tipo de material |
|---|---|---|---|---|---|---|---|---|---|---|---|---|---|---|---|---|---|
| No para Préstamo | Hemeroteca | Bogotá | Bogotá | 02/08/2005 | Alvarez, Mauricio | Fuera de circulación | AR 03919 | 019603 | 25/03/2015 | 1 | 25/03/2015 | Artículo |